00762nam a2200205 a 4500008004100000020001500041050001600056100001900072245008300091260002800174300001400202350000900216650002000225650003900245650001600284650001400300995010100314999001700415952012400432090323s2006 ||||||||||||||||| || u a184277543X aHV 6431 Gro aGrosscup, Beau10aStrategic terror: the politics and ethics of aerial bombardmentcBeau Grosscup aLondonbZed Booksc2006 axiv, 226p a0.00 aBOMBING, AERIAL aAIR WARFARE--PSYCHOLOGICAL ASPECTS 0aCRIMINOLOGY aTERRORISM D0.00FCBU-MAIN LIBRARY (Kitwe)H1I0.00M1UAVAILABLEWApr 28, 2009ZAnnex Low-Usage Collection  c58560d58560 00102lcc4070a001b001cAnnex Low-Usage Collection d2022-11-30l0oHV 6431 Grop739920r2022-11-30w2022-11-30y002